000 00803nam a22001697a 4500
003 UA-OsUOA
001 19574
007 ta
008 20040904b un ||||| |||| 00| 0 ukr d
942 _cSA
040 _aUA-OsUOA
_cUA-OsUOA
_dUA-OsUOA
245 _aСтан економіки та добробуту громадян району залежить від тісної співпраці всіх гілок влади
_b[Фрагменти бесіди за "круглим" столом з керівниками м. Костопіль і Костопіл. р-ну]
_c/Бесіду вели Ю. Левчук, Д. Хомич
300 _aС.2
955 _a0
773 0 _w0
_tВічеве слово
_dКостопіль
_d2004
_g№34/21 серп./
650 7 _aВиконавча влада
_2UDC
999 _c305745
_d305745